<?xml version="1.0" encoding="UTF-8"?>
<marc:record xmlns:marc="http://www.loc.gov/MARC21/slim">
   <marc:leader>00000nam a2200000 a 4500</marc:leader>
   <marc:datafield ind1="1" ind2=" " tag="100">
      <marc:subfield code="a">Schmid, Bettina</marc:subfield>
      <marc:subfield code="4">aut</marc:subfield>
      <marc:subfield code="e">Verfasser/-in</marc:subfield>
   </marc:datafield>
   <marc:datafield ind1="1" ind2=" " tag="100">
      <marc:subfield code="a">Kreuer, Susanne</marc:subfield>
      <marc:subfield code="4">edt</marc:subfield>
      <marc:subfield code="e">Bearbeiter/-in</marc:subfield>
   </marc:datafield>
   <marc:datafield ind1=" " ind2=" " tag="653">
      <marc:subfield code="a">Reiten</marc:subfield>
   </marc:datafield>
   <marc:datafield ind1=" " ind2=" " tag="653">
      <marc:subfield code="a">Kind</marc:subfield>
   </marc:datafield>
   <marc:datafield ind1=" " ind2=" " tag="653">
      <marc:subfield code="a">Ratgeber</marc:subfield>
   </marc:datafield>
   <marc:datafield ind1="0" ind2="0" tag="245">
      <marc:subfield code="a">Kreative Kinderreitstunde</marc:subfield>
   </marc:datafield>
   <marc:datafield ind1="0" ind2="0" tag="245">
      <marc:subfield code="b">der Ratgeber für Reitlehrer und Eltern</marc:subfield>
   </marc:datafield>
   <marc:datafield ind1="0" ind2="0" tag="245">
      <marc:subfield code="c">Bettina Schmid</marc:subfield>
   </marc:datafield>
   <marc:datafield ind1=" " ind2="1" tag="264">
      <marc:subfield code="a">Pulheim</marc:subfield>
      <marc:subfield code="b">Pepper-Verl.</marc:subfield>
      <marc:subfield code="c">2015</marc:subfield>
   </marc:datafield>
   <marc:datafield ind1="1" ind2=" " tag="520">
      <marc:subfield code="a">Angaben aus der Verlagsmeldung

Kreative Kinderreitstunde : Der Ratgeber für Reitlehrer und Eltern / von Bettina Schmid

Dieses Buch zeigt mit vielen kreativen Ideen und über 100 Übungen zum Nachmachen, Tipps und Tricks Gestaltungsmöglichkeiten für den Kinderreitunterricht auf.

Bettina Schmid teilt mit ihren Lesern ihren langjährigen Erfahrungsschatz und beantwortet in diesem Buch alle wichtigen Fragen:

Für Eltern:
Was braucht eine gute Reitschule?
Wie erkenne ich den richtigen Reitlehrer?
Wie kann ich mein Kind unterstützen?

Für Reitlehrer:
Wie kann ich den Unterricht alters- und kindgerecht gestalten?
Was kann ich tun, um Kindern das Lernen zu erleichtern?
Wie kann ich Ängste und Blockaden bei Kindern abbauen?

Kinder und Jugendliche sollen Spaß und Freude im Umgang mit Pferden und beim Reiten haben. Sie sollen spielerisch lernen, um Koordinationsfähigkeit, Gleichgewicht und Verantwortungsbewusstsein zu entwickeln. Die Autorin stellt dafür ihren ganzheitlichen reitpädagogischen Ansatz vor und zeigt auf, wie Reitlehrer und Eltern die Kinder in ihrer individuellen Entwicklung fördern können.
Dieses Buch ist für alle, die einer neuen Generation Pferdemenschen den harmonischen Umgang mit Pferden näherbringen möchten, wobei die Beziehung zwischen Mensch und Pferd im Vordergrund steht.
Auch erfahrene Pferdekenner werden in diesem Buch fündig!
</marc:subfield>
   </marc:datafield>
   <marc:datafield ind1=" " ind2=" " tag="020">
      <marc:subfield code="a">9783981646740</marc:subfield>
      <marc:subfield code="9">9783981646740</marc:subfield>
   </marc:datafield>
   <marc:datafield ind1=" " ind2=" " tag="041">
      <marc:subfield code="a">ger</marc:subfield>
   </marc:datafield>
   <marc:datafield ind1=" " ind2=" " tag="300">
      <marc:subfield code="a">171 S.</marc:subfield>
   </marc:datafield>
</marc:record>
